KAMUSI KIBINDO YA KISWAHILI (Record no. 15085)
[ view plain ]
| 000 -LEADER | |
|---|---|
| fixed length control field | 00459nam a22001697a 4500 |
| 003 - CONTROL NUMBER IDENTIFIER | |
| control field | OSt |
| 005 - DATE AND TIME OF LATEST TRANSACTION | |
| control field | 20230808161701.0 |
| 008 - FIXED-LENGTH DATA ELEMENTS--GENERAL INFORMATION | |
| fixed length control field | 230808b |||||||| |||| 00| 0 eng d |
| 020 ## - INTERNATIONAL STANDARD BOOK NUMBER | |
| International Standard Book Number | 978 9966 36 121 9 |
| 040 ## - CATALOGING SOURCE | |
| Transcribing agency | Chuka University Library |
| 050 ## - LIBRARY OF CONGRESS CALL NUMBER | |
| Classification number | PL 8703.1 |
| Item number | .K36 2011 |
| 100 ## - MAIN ENTRY--PERSONAL NAME | |
| Personal name | Longhorn Publishers |
| 9 (RLIN) | 11679 |
| 245 ## - TITLE STATEMENT | |
| Title | KAMUSI KIBINDO YA KISWAHILI |
| 260 ## - PUBLICATION, DISTRIBUTION, ETC. | |
| Place of publication, distribution, etc. | Nairobi |
| Name of publisher, distributor, etc. | Longhorn Publishers (K) Ltd |
| Date of publication, distribution, etc. | 2011 |
| 300 ## - PHYSICAL DESCRIPTION | |
| Extent | 477p |
| 942 ## - ADDED ENTRY ELEMENTS (KOHA) | |
| Source of classification or shelving scheme | Library of Congress Classification |
| Koha item type | Long Loan Books |
| Suppress in OPAC | No |
| Withdrawn status | Lost status | Source of classification or shelving scheme | Damaged status | Not for loan | Home library | Current library | Shelving location | Date acquired | Total Checkouts | Full call number | Barcode | Date last seen | Copy number | Price effective from | Koha item type |
|---|---|---|---|---|---|---|---|---|---|---|---|---|---|---|---|
| Library of Congress Classification | Main Campus Library | Main Campus Library | General Stacks | 08/08/2023 | PL 8703.1 .K36 2011 | 10711/2014 | 08/08/2023 | 1 | 08/08/2023 | Long Loan Books | |||||
| Library of Congress Classification | Main Campus Library | Main Campus Library | General Stacks | 08/08/2023 | PL 8703.1 .K36 2011 | 10712/2014 | 08/08/2023 | 2 | 08/08/2023 | Long Loan Books |
